Personnages de La Belle et le Clochard (1 & 2) - Statistiques

Statistiques générales
  • Ce quiz a été pris 17 fois
    6 depuis la dernière actualisation
  • Le résultat moyen est 4 sur 20
Statistiques - réponses
Personnages % Correct
Lady
80%
Clochard
60%
Am
40%
Ange
40%
Darling
40%
Si
40%
César
20%
Jim Chéri
20%
Jock
20%
Joe
20%
Scamp
20%
Tante Sarah
20%
Tony
20%
Clémence
0%
Constance
0%
Jim Junior
0%
Le Rat
0%
Les chiens de la fourrière
0%
Peg
0%
Prudence
0%
Aucun quiz correspondant
Distribution des résultats
% des personnes avec chaque résultat
Percentile par nombre de réponses
Votre historique - résultats
Vous n’avez pas pris ce quiz depuis la dernière actualisation